| 000 | 00389cam a2200157ua 4500 | ||
|---|---|---|---|
| 041 |
_aeng _h |
||
| 082 |
_a621.436 _bPUR/D1 |
||
| 100 | _aPurday, H F P . | ||
| 245 |
_aDiesel Engine Designing / _cH F P Purday. _hTextual Documents |
||
| 250 |
_a1 / _b. |
||
| 260 |
_aLondon : _bConstable Company Ltd , _c1962. |
||
| 300 | _a426 ; . | ||
| 504 | _a | ||
| 942 | _cBK | ||
| 999 |
_c2862 _d2862 |
||